00489nam a2200193Ia 4500003000400000005001700004008004100021020002000062040000700082041000800089082002100097100002600118245006000144260003700204300001200241365001700253650001200270650001300282OSt20230517170935.0210423s2014 xx 000 0 und d a978-393-34715-9 cAL aeng a398.2 223bBRUT aBRUNVAND (Jan Harold) aToo good to be true: the colossal book of urban legends aNew YorkbW W Norton & Co.c2014 a539bPB b1165.43cUSD aCustoms aFolklore